Η εργατική τάξη στον αγώνα για την ειρήνη και για τα συμφέροντα των εργαζομένων

Αποθηκεύτηκε σε:
Λεπτομέρειες βιβλιογραφικής εγγραφής
Μορφή: Βιβλίο
Γλώσσα:Greek
Russian
Δημοσίευση: [χ.τ.] : Εκδοτικό "Νέα Ελλάδα", 1951.
Σειρά:Μικρή πολιτική βιβλιοθήκη
Θέματα:
Ετικέτες: Προσθήκη ετικέτας
Δεν υπάρχουν, Καταχωρήστε ετικέτα πρώτοι!

MARC

LEADER 00000cam a2200000 a 4500
001 1/114127
008 170526s1951####xx | ||| |||| ||gre||
040 |a GR-MyUa  |b gre  |c GR-MyUa  |e AACR2 
041 1 |a gre  |h rus 
082 7 |a 320.532   |2 (23) 
245 0 2 |a Η εργατική τάξη στον αγώνα για την ειρήνη και για τα συμφέροντα των εργαζομένων /   |c Μπ. Πονομαριόφ.  
260 |a [χ.τ.] :   |b Εκδοτικό "Νέα Ελλάδα",   |c 1951.  
300 |a 25 σ. ;   |c 12 εκ.  
490 1 |a (Μικρή πολιτική βιβλιοθήκη ;   |v 19)  
506 1 |a Μόνο για ανάγνωση. Βρίσκεται σε ειδικό ράφι. Διαθέσιμο εάν ζητηθεί.  
650 0 |a Communism  |x History. 
830 0 |a Μικρή πολιτική βιβλιοθήκη 
852 |a INST  |b LESVOS  |e 20170526  |h 320.532 ΕΡΓ  |p 005100059320  |q 005100059320  |t BK  |y 0 
970 |a Τζαφέρη  |b Ευαγγελία  |z 26-05-2017